[Event "Team Championship (men blitz)"]
[Site "Sochi"]
[Date "2017.10.05"]
[Round "7.26"]
[White "Oganian, Miran"]
[Black "Smagin, Sergey"]
[Result "1-0"]
[LiveChessVersion "1.4.8"]
[BlackElo "2375"]
[WhiteElo "2496"]

1. d4 {[%clk 0:03:03]} d5 {[%clk 0:03:03]} 2. c4 {[%clk 0:03:05]} e6
{[%clk 0:03:04]} 3. Nf3 {[%clk 0:03:06]} Nd7 {[%clk 0:03:05]} 4. g3
{[%clk 0:02:57]} dxc4 {[%clk 0:03:05]} 5. Bg2 {[%clk 0:02:58]} Nb6
{[%clk 0:02:58]} 6. O-O {[%clk 0:02:59]} Ne7 {[%clk 0:02:47]} 7. Ne5
{[%clk 0:02:54]} Nf5 {[%clk 0:02:48]} 8. e3 {[%clk 0:02:49]} c5 {[%clk 0:02:45]}
9. Nxc4 {[%clk 0:02:29]} cxd4 {[%clk 0:02:28]} 10. Ne5 {[%clk 0:01:58]} Be7
{[%clk 0:02:14]} 11. e4 {[%clk 0:01:54]} Nd6 {[%clk 0:02:06]} 12. Qxd4
{[%clk 0:01:53]} O-O {[%clk 0:02:07]} 13. Nc3 {[%clk 0:01:48]} Ndc4
{[%clk 0:01:41]} 14. Qxd8 Rxd8 {[%clk 0:01:42]} 15. Nf3 {[%clk 0:01:39]} Bd7
{[%clk 0:01:33]} 16. b3 {[%clk 0:01:39]} Na3 {[%clk 0:01:34]} 17. Bb2
{[%clk 0:01:31]} Be8 {[%clk 0:01:34]} 18. Rad1 {[%clk 0:01:26]} Nc2
{[%clk 0:01:28]} 19. h4 {[%clk 0:01:11]} f6 {[%clk 0:01:27]} 20. e5
{[%clk 0:01:10]} f5 {[%clk 0:01:22]} 21. Ng5 {[%clk 0:01:11]} Bxg5
{[%clk 0:01:06]} 22. hxg5 {[%clk 0:01:12]} Bc6 {[%clk 0:00:59]} 23. Bxc6
{[%clk 0:01:07]} bxc6 {[%clk 0:01:00]} 24. Kg2 {[%clk 0:01:03]} Kf7
{[%clk 0:00:39]} 25. Ne2 {[%clk 0:00:56]} Nb4 {[%clk 0:00:38]} 26. a3
{[%clk 0:00:39]} Nd3 {[%clk 0:00:39]} 27. Bd4 {[%clk 0:00:40]} c5
{[%clk 0:00:28]} 28. Rxd3 {[%clk 0:00:41]} cxd4 {[%clk 0:00:28]} 29. Rxd4
{[%clk 0:00:39]} Rxd4 {[%clk 0:00:26]} 30. Nxd4 {[%clk 0:00:41]} Rc8
{[%clk 0:00:27]} 31. Nb5 {[%clk 0:00:41]} Rc5 {[%clk 0:00:24]} 32. Nxa7
{[%clk 0:00:36]} Ra5 {[%clk 0:00:20]} 33. Nc6 {[%clk 0:00:36]} Rxa3
{[%clk 0:00:21]} 34. Rb1 {[%clk 0:00:30]} Ra2 {[%clk 0:00:20]} 35. b4
{[%clk 0:00:30]} Rd2 {[%clk 0:00:16]} 36. b5 {[%clk 0:00:31]} Kg6
{[%clk 0:00:14]} 37. Ra1 {[%clk 0:00:24]} Rb2 {[%clk 0:00:11]} 38. Nd4
{[%clk 0:00:21]} Nc4 {[%clk 0:00:00]} 1-0

[Event "Team Championship (men blitz)"]
[Site "Sochi"]
[Date "2017.10.05"]
[Round "7.27"]
[White "Gluhovsky, Mark"]
[Black "Vastrukhin, Oleg"]
[Result "0-1"]
[LiveChessVersion "1.4.8"]
[BlackElo "2424"]
[WhiteElo "2260"]

1. e4 {[%clk 0:03:03]} e6 {[%clk 0:03:04]} 2. d4 {[%clk 0:03:04]} d5
{[%clk 0:03:05]} 3. e5 {[%clk 0:03:05]} c5 {[%clk 0:03:06]} 4. c3
{[%clk 0:03:06]} Nc6 {[%clk 0:03:07]} 5. Nf3 {[%clk 0:03:07]} Qb6
{[%clk 0:03:08]} 6. a3 {[%clk 0:03:08]} Bd7 {[%clk 0:03:10]} 7. b4
{[%clk 0:03:09]} c4 {[%clk 0:03:11]} 8. Be2 {[%clk 0:03:05]} f5 {[%clk 0:03:12]}
9. exf6 {[%clk 0:02:58]} gxf6 {[%clk 0:03:13]} 10. O-O {[%clk 0:02:58]} Bd6
{[%clk 0:03:13]} 11. a4 {[%clk 0:02:53]} Nge7 {[%clk 0:03:14]} 12. Na3
{[%clk 0:02:51]} Ng6 {[%clk 0:03:07]} 13. a5 {[%clk 0:02:40]} Qd8
{[%clk 0:03:08]} 14. Be3 {[%clk 0:02:27]} a6 {[%clk 0:03:05]} 15. Qd2
{[%clk 0:02:23]} O-O {[%clk 0:02:59]} 16. Bd1 {[%clk 0:02:08]} Qe7
{[%clk 0:02:46]} 17. Bc2 {[%clk 0:02:04]} Qf7 {[%clk 0:02:45]} 18. Bh6
{[%clk 0:01:59]} Rfe8 {[%clk 0:02:46]} 19. Rae1 {[%clk 0:01:55]} Rad8
{[%clk 0:02:46]} 20. g3 {[%clk 0:01:46]} Nce7 {[%clk 0:02:12]} 21. Bb1
{[%clk 0:01:33]} Nf5 {[%clk 0:02:10]} 22. Bxf5 {[%clk 0:01:16]} exf5
{[%clk 0:02:11]} 23. Rxe8+ {[%clk 0:01:17]} Rxe8 {[%clk 0:02:12]} 24. Re1
{[%clk 0:01:16]} Re4 {[%clk 0:02:13]} 25. Nc2 {[%clk 0:01:01]} Qe6
{[%clk 0:02:14]} 26. Rxe4 {[%clk 0:00:45]} fxe4 {[%clk 0:02:14]} 27. Nfe1
{[%clk 0:00:46]} Qh3 {[%clk 0:01:55]} 28. Ng2 {[%clk 0:00:46]} Bg4
{[%clk 0:01:54]} 29. Nce1 {[%clk 0:00:46]} Kf7 {[%clk 0:01:47]} 30. Bf4
{[%clk 0:00:38]} Nxf4 {[%clk 0:01:40]} 31. Nxf4 {[%clk 0:00:39]} Qh6
{[%clk 0:01:36]} 32. Qe3 {[%clk 0:00:38]} Qg5 {[%clk 0:01:25]} 33. h4
{[%clk 0:00:33]} Qf5 {[%clk 0:01:26]} 34. Neg2 {[%clk 0:00:31]} Ke7
{[%clk 0:01:14]} 35. Kh2 {[%clk 0:00:31]} Kd7 {[%clk 0:01:13]} 36. Ne2
{[%clk 0:00:22]} Bf3 {[%clk 0:01:05]} 37. Ngf4 {[%clk 0:00:21]} Kc6
{[%clk 0:00:56]} 38. Ng1 {[%clk 0:00:21]} Bg4 {[%clk 0:00:55]} 39. Nge2
{[%clk 0:00:19]} Bxe2 {[%clk 0:00:36]} 40. Nxe2 {[%clk 0:00:19]} Qf3
{[%clk 0:00:37]} 41. Ng1 {[%clk 0:00:08]} Bxg3+ {[%clk 0:00:35]} 42. Kh3
{[%clk 0:00:07]} Qxe3 {[%clk 0:00:35]} 43. fxe3 {[%clk 0:00:08]} Be1
{[%clk 0:00:36]} 44. Ne2 {[%clk 0:00:09]} h5 {[%clk 0:00:33]} 45. Ng3
{[%clk 0:00:07]} Bxc3 {[%clk 0:00:31]} 46. Nxh5 {[%clk 0:00:09]} Bxb4
{[%clk 0:00:31]} 47. Nf4 {[%clk 0:00:09]} Bd2 {[%clk 0:00:30]} 48. h5
{[%clk 0:00:09]} Bxe3 {[%clk 0:00:20]} 49. h6 {[%clk 0:00:10]} f5
{[%clk 0:00:21]} 50. h7 {[%clk 0:00:10]} Bxd4 {[%clk 0:00:22]} 51. Ne6
{[%clk 0:00:08]} Be5 {[%clk 0:00:20]} 52. Kh4 {[%clk 0:00:09]} c3
{[%clk 0:00:21]} 53. Kg5 {[%clk 0:00:10]} c2 {[%clk 0:00:22]} 54. Kxf5
{[%clk 0:00:10]} Bh8 {[%clk 0:00:22]} 0-1

[Event "Team Championship (men blitz)"]
[Site "Sochi"]
[Date "2017.10.05"]
[Round "7.28"]
[White "Gochelashvili, David"]
[Black "Popov, Mikhail"]
[Result "1-0"]
[LiveChessVersion "1.4.8"]
[BlackElo "2428"]
[WhiteElo "2440"]

1. d4 {[%clk 0:03:00]} Nf6 {[%clk 0:03:03]} 2. Bf4 {[%clk 0:03:01]} g6
{[%clk 0:03:04]} 3. Nf3 {[%clk 0:03:03]} Bg7 {[%clk 0:03:05]} 4. Nbd2
{[%clk 0:03:03]} d6 {[%clk 0:03:03]} 5. h3 {[%clk 0:03:04]} O-O {[%clk 0:03:03]}
6. e3 {[%clk 0:03:05]} Nc6 {[%clk 0:03:01]} 7. Be2 {[%clk 0:03:03]} Nd7
{[%clk 0:03:01]} 8. Bh2 {[%clk 0:03:03]} e5 {[%clk 0:03:01]} 9. dxe5
{[%clk 0:02:57]} Ndxe5 {[%clk 0:02:59]} 10. Nxe5 {[%clk 0:02:48]} Nxe5
{[%clk 0:02:55]} 11. O-O {[%clk 0:02:46]} Be6 {[%clk 0:02:48]} 12. c4
{[%clk 0:02:34]} a5 {[%clk 0:02:30]} 13. Qc2 {[%clk 0:02:33]} a4 {[%clk 0:02:25]}
14. Rac1 {[%clk 0:02:33]} b6 {[%clk 0:02:18]} 15. Rfd1 {[%clk 0:02:27]} Qe7
{[%clk 0:02:10]} 16. Nf3 {[%clk 0:02:21]} Nc6 {[%clk 0:01:50]} 17. Nd4
{[%clk 0:02:14]} Nxd4 {[%clk 0:01:40]} 18. exd4 {[%clk 0:02:15]} Ra5
{[%clk 0:01:14]} 19. Qd2 {[%clk 0:02:05]} Qh4 {[%clk 0:01:10]} 20. Bg3
{[%clk 0:02:03]} Qe7 {[%clk 0:00:58]} 21. Bf3 {[%clk 0:01:54]} Bf5
{[%clk 0:00:49]} 22. Bf4 {[%clk 0:01:51]} Ra7 {[%clk 0:00:13]} 23. Bc6
{[%clk 0:01:48]} Qd8 {[%clk 0:00:06]} 24. Bg5 {[%clk 0:01:43]} Bf6
{[%clk 0:00:07]} 25. Bh6 {[%clk 0:01:43]} Bg7 {[%clk 0:00:09]} 26. Re1
{[%clk 0:01:42]} Bxh6 {[%clk 0:00:08]} 27. Qxh6 {[%clk 0:01:43]} Qf6
{[%clk 0:00:09]} 28. Qf4 {[%clk 0:01:42]} Qd8 {[%clk 0:00:07]} 29. Re3
{[%clk 0:01:37]} Bd7 {[%clk 0:00:08]} 30. Bxd7 {[%clk 0:01:31]} Qxd7
{[%clk 0:00:09]} 31. Rce1 {[%clk 0:01:29]} d5 {[%clk 0:00:07]} 32. c5
{[%clk 0:01:26]} bxc5 {[%clk 0:00:07]} 33. dxc5 {[%clk 0:01:26]} Qc6
{[%clk 0:00:07]} 34. Qd4 {[%clk 0:01:25]} Ra5 {[%clk 0:00:06]} 35. Rc3
{[%clk 0:01:21]} Qb7 {[%clk 0:00:07]} 36. b4 {[%clk 0:01:15]} axb3
{[%clk 0:00:08]} 37. axb3 {[%clk 0:01:16]} c6 {[%clk 0:00:09]} 38. Rce3
{[%clk 0:01:08]} Qb5 {[%clk 0:00:07]} 39. b4 {[%clk 0:00:54]} Raa8
{[%clk 0:00:08]} 40. h4 {[%clk 0:00:50]} Rab8 {[%clk 0:00:09]} 41. h5
{[%clk 0:00:47]} Qxb4 {[%clk 0:00:09]} 42. Qf6 {[%clk 0:00:48]} Qb2
{[%clk 0:00:09]} 43. Qxc6 {[%clk 0:00:48]} d4 {[%clk 0:00:08]} 44. Rh3
{[%clk 0:00:43]} Qd2 {[%clk 0:00:08]} 45. Qe4 {[%clk 0:00:30]} Qg5
{[%clk 0:00:08]} 46. hxg6 {[%clk 0:00:28]} hxg6 {[%clk 0:00:09]} 47. Qxd4
{[%clk 0:00:28]} f6 {[%clk 0:00:06]} 48. Qc4+ {[%clk 0:00:28]} Rf7
{[%clk 0:00:05]} 49. c6 {[%clk 0:00:28]} Rc8 {[%clk 0:00:05]} 50. Re7
{[%clk 0:00:20]} Rcf8 {[%clk 0:00:04]} 51. c7 {[%clk 0:00:21]} Qf5
{[%clk 0:00:05]} 52. Rxf7 {[%clk 0:00:18]} Qb1+ {[%clk 0:00:06]} 53. Kh2
{[%clk 0:00:19]} 1-0

[Event "Team Championship (men blitz)"]
[Site "Sochi"]
[Date "2017.10.05"]
[Round "7.29"]
[White "Goryachkina, Aleksandra"]
[Black "Tsvetkov, Andrey"]
[Result "1/2-1/2"]
[LiveChessVersion "1.4.8"]
[BlackElo "2120"]
[WhiteElo "2401"]

1. d4 {[%clk 0:03:03]} d5 {[%clk 0:03:04]} 2. c4 {[%clk 0:03:04]} c6
{[%clk 0:03:05]} 3. cxd5 {[%clk 0:03:05]} cxd5 {[%clk 0:03:07]} 4. Bf4
{[%clk 0:03:05]} Qb6 {[%clk 0:03:08]} 5. Nc3 {[%clk 0:02:59]} Nf6
{[%clk 0:03:09]} 6. e3 {[%clk 0:02:59]} Nc6 {[%clk 0:03:02]} 7. Rb1
{[%clk 0:02:49]} g6 {[%clk 0:02:40]} 8. Nf3 {[%clk 0:02:49]} Bg7 {[%clk 0:02:41]}
9. Bd3 {[%clk 0:02:49]} O-O {[%clk 0:02:42]} 10. O-O {[%clk 0:02:49]} a6
{[%clk 0:02:42]} 11. h3 {[%clk 0:02:50]} Bf5 {[%clk 0:02:23]} 12. Bxf5
{[%clk 0:02:40]} gxf5 {[%clk 0:02:25]} 13. a3 {[%clk 0:02:37]} e6
{[%clk 0:02:12]} 14. Na4 {[%clk 0:02:37]} Qd8 {[%clk 0:02:05]} 15. Nc5
{[%clk 0:02:38]} b6 {[%clk 0:01:59]} 16. Nd3 {[%clk 0:02:39]} Ne4
{[%clk 0:01:53]} 17. Rc1 {[%clk 0:02:40]} Rc8 {[%clk 0:01:53]} 18. Qa4
{[%clk 0:02:39]} Na5 {[%clk 0:01:38]} 19. Nfe5 {[%clk 0:02:25]} Nd2 20. Rxc8
{[%clk 0:02:26]} Qxc8 {[%clk 0:01:09]} 21. Rc1 {[%clk 0:02:26]} Qb7
{[%clk 0:01:02]} 22. Qd1 {[%clk 0:02:22]} Ndc4 {[%clk 0:00:54]} 23. Qh5
{[%clk 0:02:17]} Rc8 {[%clk 0:00:41]} 24. Rc3 Nxe5 {[%clk 0:00:42]} 25. Rxc8+
{[%clk 0:02:13]} Qxc8 {[%clk 0:00:20]} 26. Nxe5 {[%clk 0:01:42]} Qf8
{[%clk 0:00:17]} 27. Qh4 f6 {[%clk 0:00:15]} 28. Nd3 {[%clk 0:01:39]} Nc4 29. Qg3
Kh8 {[%clk 0:00:13]} 30. Qh4 {[%clk 0:01:13]} Nd2 {[%clk 0:00:09]} 31. f3
{[%clk 0:01:05]} Qe8 {[%clk 0:00:05]} 32. Qf2 {[%clk 0:00:54]} Nc4
{[%clk 0:00:06]} 33. Qc2 {[%clk 0:00:52]} e5 {[%clk 0:00:06]} 34. Bg3
{[%clk 0:00:49]} Nxe3 {[%clk 0:00:06]} 35. Qe2 {[%clk 0:00:38]} f4
{[%clk 0:00:06]} 36. Bf2 {[%clk 0:00:39]} exd4 37. Nxf4 {[%clk 0:00:37]} Qe5
{[%clk 0:00:04]} 38. Nd3 {[%clk 0:00:34]} Qe6 {[%clk 0:00:05]} 39. Qe1
{[%clk 0:00:19]} a5 {[%clk 0:00:04]} 40. Qc1 {[%clk 0:00:20]} h6 {[%clk 0:00:03]}
41. Nf4 {[%clk 0:00:19]} Qd6 {[%clk 0:00:04]} 42. Bxe3 {[%clk 0:00:19]} dxe3
{[%clk 0:00:05]} 43. Qxe3 d4 44. Qd2 {[%clk 0:00:19]} f5 {[%clk 0:00:06]} 45. Nd3
{[%clk 0:00:20]} Qd5 {[%clk 0:00:06]} 46. Qf4 {[%clk 0:00:20]} Kh7
{[%clk 0:00:08]} 47. Qc7 {[%clk 0:00:19]} Qe6 {[%clk 0:00:04]} 48. Qc2
{[%clk 0:00:15]} Qe3+ {[%clk 0:00:05]} 49. Kf1 {[%clk 0:00:15]} Qe6
{[%clk 0:00:05]} 50. Qe2 {[%clk 0:00:16]} Qd6 {[%clk 0:00:05]} 51. Kg1
{[%clk 0:00:14]} Qd5 {[%clk 0:00:05]} 52. Qc2 {[%clk 0:00:15]} Qe6
{[%clk 0:00:05]} 53. Kf1 {[%clk 0:00:16]} Qd6 {[%clk 0:00:05]} 54. Nf2
{[%clk 0:00:17]} Qg6 {[%clk 0:00:05]} 55. Qd3 {[%clk 0:00:18]} Qe6
{[%clk 0:00:05]} 56. Nd1 {[%clk 0:00:19]} Kh8 {[%clk 0:00:04]} 57. a4
{[%clk 0:00:20]} Kh7 {[%clk 0:00:05]} 58. b3 {[%clk 0:00:22]} Kh8
{[%clk 0:00:06]} 59. Nb2 {[%clk 0:00:23]} Qd5 {[%clk 0:00:05]} 60. Nc4
{[%clk 0:00:24]} Qc5 {[%clk 0:00:05]} 61. Qe2 {[%clk 0:00:22]} Qc6
{[%clk 0:00:04]} 62. Qd3 {[%clk 0:00:18]} Qc5 {[%clk 0:00:06]} 1/2-1/2

[Event "Team Championship (men blitz)"]
[Site "Sochi"]
[Date "2017.10.05"]
[Round "7.30"]
[White "Murtazin, Ruslan"]
[Black "Potapov, Pavel"]
[Result "1/2-1/2"]
[LiveChessVersion "1.4.8"]
[BlackElo "2451"]
[WhiteElo "2200"]

1. e4 {[%clk 0:03:03]} c5 {[%clk 0:03:03]} 2. Nf3 {[%clk 0:03:03]} Nc6
{[%clk 0:03:05]} 3. d4 {[%clk 0:03:04]} cxd4 {[%clk 0:03:06]} 4. Nxd4
{[%clk 0:03:05]} e5 {[%clk 0:03:07]} 5. Nb5 {[%clk 0:03:05]} d6 {[%clk 0:03:08]}
6. a4 {[%clk 0:03:01]} Be7 {[%clk 0:03:07]} 7. N1c3 {[%clk 0:02:51]} a6
{[%clk 0:03:08]} 8. Na3 {[%clk 0:02:52]} Nf6 {[%clk 0:03:07]} 9. Bg5
{[%clk 0:02:50]} O-O {[%clk 0:02:55]} 10. Bxf6 {[%clk 0:02:50]} Bxf6
{[%clk 0:02:56]} 11. Bc4 {[%clk 0:02:47]} Bg5 {[%clk 0:02:48]} 12. O-O
{[%clk 0:02:46]} Kh8 {[%clk 0:02:45]} 13. Bd5 {[%clk 0:02:31]} f5
{[%clk 0:02:29]} 14. Nc4 {[%clk 0:02:31]} Nd4 {[%clk 0:02:16]} 15. a5
{[%clk 0:02:21]} Rb8 {[%clk 0:02:04]} 16. Nb6 {[%clk 0:02:11]} f4
{[%clk 0:01:58]} 17. f3 {[%clk 0:01:56]} Qc7 {[%clk 0:01:32]} 18. Bc4
{[%clk 0:01:31]} Bd8 {[%clk 0:01:16]} 19. Kh1 {[%clk 0:01:18]} Qc5
{[%clk 0:01:06]} 20. Nca4 {[%clk 0:01:12]} Qxa5 {[%clk 0:00:32]} 21. Nd5
{[%clk 0:00:36]} Bf6 {[%clk 0:00:32]} 22. c3 {[%clk 0:00:30]} Ne6
{[%clk 0:00:28]} 23. Nxf6 {[%clk 0:00:13]} gxf6 {[%clk 0:00:20]} 24. Qxd6
{[%clk 0:00:13]} Qc7 {[%clk 0:00:21]} 25. Qxc7 {[%clk 0:00:11]} Nxc7
{[%clk 0:00:22]} 26. Nb6 {[%clk 0:00:06]} Rd8 {[%clk 0:00:20]} 27. Rad1
{[%clk 0:00:07]} Be6 {[%clk 0:00:20]} 28. Bxe6 {[%clk 0:00:08]} Nxe6
{[%clk 0:00:21]} 29. Nd7 {[%clk 0:00:09]} Rbc8 {[%clk 0:00:17]} 30. Nxf6
{[%clk 0:00:10]} Kg7 {[%clk 0:00:18]} 31. Nd7 {[%clk 0:00:06]} Nc5
{[%clk 0:00:09]} 32. Nxc5 {[%clk 0:00:06]} Rxd1 {[%clk 0:00:10]} 33. Rxd1
{[%clk 0:00:07]} Rxc5 34. Rd7+ {[%clk 0:00:08]} Kg6 {[%clk 0:00:13]} 35. Rxb7
{[%clk 0:00:08]} Ra5 {[%clk 0:00:14]} 36. g3 {[%clk 0:00:04]} Ra1+
{[%clk 0:00:13]} 37. Kg2 {[%clk 0:00:05]} Rb1 {[%clk 0:00:13]} 38. Rb6+
{[%clk 0:00:05]} Kg5 {[%clk 0:00:09]} 39. h4+ {[%clk 0:00:04]} Kh5
{[%clk 0:00:09]} 40. Kh3 {[%clk 0:00:03]} Rh1+ {[%clk 0:00:09]} 41. Kg2
{[%clk 0:00:04]} Rb1 {[%clk 0:00:10]} 42. Kh3 {[%clk 0:00:05]} Rh1+
{[%clk 0:00:11]} 43. Kg2 {[%clk 0:00:07]} Rb1 {[%clk 0:00:09]} 44. b3
{[%clk 0:00:06]} fxg3 {[%clk 0:00:08]} 45. Kxg3 {[%clk 0:00:07]} Rg1+
{[%clk 0:00:09]} 46. Kf2 {[%clk 0:00:06]} Rc1 {[%clk 0:00:09]} 47. c4
{[%clk 0:00:07]} Kxh4 {[%clk 0:00:06]} 48. Rh6+ {[%clk 0:00:07]} Kg5
{[%clk 0:00:08]} 49. Rxh7 {[%clk 0:00:08]} Rc3 {[%clk 0:00:05]} 50. Rb7
{[%clk 0:00:06]} a5 {[%clk 0:00:04]} 51. Ke2 {[%clk 0:00:04]} Kf4
{[%clk 0:00:04]} 52. Rf7+ {[%clk 0:00:04]} Kg3 {[%clk 0:00:05]} 53. Rg7+
{[%clk 0:00:04]} Kh3 {[%clk 0:00:06]} 54. Rb7 {[%clk 0:00:03]} Kg3
{[%clk 0:00:07]} 55. Rb5 {[%clk 0:00:03]} Rxf3 {[%clk 0:00:05]} 56. Rxa5
{[%clk 0:00:03]} Rxb3 {[%clk 0:00:03]} 57. Rxe5 {[%clk 0:00:04]} Kf4
{[%clk 0:00:05]} 58. Re8 {[%clk 0:00:04]} Rc3 {[%clk 0:00:06]} 59. c5 Rxc5
{[%clk 0:00:06]} 60. Kd3 {[%clk 0:00:04]} 1/2-1/2

[Event "Team Championship (men blitz)"]
[Site "Sochi"]
[Date "2017.10.05"]
[Round "7.31"]
[White "Belyakov, Bogdan"]
[Black "Perov, German"]
[Result "1/2-1/2"]
[LiveChessVersion "1.4.8"]
[BlackElo "2152"]
[WhiteElo "2477"]

1. e4 {[%clk 0:03:03]} e5 {[%clk 0:03:01]} 2. Nf3 {[%clk 0:03:04]} Nf6
{[%clk 0:03:02]} 3. Nc3 {[%clk 0:03:04]} Nc6 {[%clk 0:03:03]} 4. Be2
{[%clk 0:03:06]} d5 {[%clk 0:03:03]} 5. exd5 {[%clk 0:03:07]} Nxd5
{[%clk 0:03:04]} 6. Bb5 {[%clk 0:03:08]} Nxc3 {[%clk 0:02:34]} 7. bxc3
{[%clk 0:03:08]} Bd6 {[%clk 0:02:24]} 8. O-O {[%clk 0:03:08]} O-O
{[%clk 0:02:24]} 9. Re1 {[%clk 0:03:09]} Bg4 {[%clk 0:02:21]} 10. h3
{[%clk 0:03:09]} Bd7 {[%clk 0:02:02]} 11. Bxc6 {[%clk 0:02:59]} Bxc6
{[%clk 0:02:03]} 12. Nxe5 {[%clk 0:03:00]} Bxe5 {[%clk 0:02:04]} 13. Rxe5
{[%clk 0:03:01]} Qf6 {[%clk 0:01:56]} 14. d4 {[%clk 0:02:59]} Rfe8
{[%clk 0:01:54]} 15. Rxe8+ {[%clk 0:02:45]} Rxe8 {[%clk 0:01:54]} 16. Be3
{[%clk 0:02:45]} Qg6 {[%clk 0:01:49]} 17. Qf1 {[%clk 0:02:43]} Qxc2
{[%clk 0:01:46]} 18. c4 {[%clk 0:02:39]} Be4 {[%clk 0:01:21]} 19. d5
{[%clk 0:02:24]} Bd3 {[%clk 0:00:53]} 20. Rc1 {[%clk 0:02:25]} Bxf1
{[%clk 0:00:53]} 21. Rxc2 {[%clk 0:02:27]} Bd3 {[%clk 0:00:48]} 22. Rc3
{[%clk 0:02:27]} Bb1 {[%clk 0:00:49]} 23. a4 {[%clk 0:02:17]} a6 {[%clk 0:00:48]}
24. a5 {[%clk 0:02:12]} Ba2 {[%clk 0:00:31]} 25. Kf1 {[%clk 0:02:10]} Re4
{[%clk 0:00:28]} 26. Kg1 {[%clk 0:01:18]} Rxc4 {[%clk 0:00:21]} 27. Rd3
{[%clk 0:01:18]} g6 {[%clk 0:00:17]} 28. d6 {[%clk 0:01:17]} cxd6
{[%clk 0:00:17]} 29. Rxd6 {[%clk 0:01:18]} Kg7 {[%clk 0:00:05]} 30. Bd4+
{[%clk 0:01:15]} Kh6 {[%clk 0:00:06]} 31. Rd7 {[%clk 0:01:10]} Ra4
{[%clk 0:00:05]} 32. Bb6 {[%clk 0:01:10]} Be6 {[%clk 0:00:04]} 33. Rxb7
{[%clk 0:01:11]} Bc4 {[%clk 0:00:04]} 34. Rc7 {[%clk 0:01:10]} Bb5
{[%clk 0:00:05]} 35. Rxf7 {[%clk 0:01:10]} Ra1+ {[%clk 0:00:05]} 36. Kh2
{[%clk 0:01:11]} Ra2 {[%clk 0:00:07]} 37. g4 {[%clk 0:01:07]} Kg5
{[%clk 0:00:04]} 38. Kg3 {[%clk 0:01:05]} Ra3+ {[%clk 0:00:04]} 39. Be3+
{[%clk 0:01:05]} 1/2-1/2

[Event "Team Championship (men blitz)"]
[Site "Sochi"]
[Date "2017.10.05"]
[Round "7.32"]
[White "Kasaeva, Sofiia"]
[Black "Savitskiy, Sergey"]
[Result "0-1"]
[LiveChessVersion "1.4.8"]
[BlackElo "2327"]
[WhiteElo "1539"]

1. e4 {[%clk 0:03:02]} c5 {[%clk 0:03:03]} 2. Nf3 {[%clk 0:03:03]} d6
{[%clk 0:03:04]} 3. d4 {[%clk 0:03:04]} cxd4 {[%clk 0:03:05]} 4. Nxd4
{[%clk 0:03:05]} Nf6 {[%clk 0:03:06]} 5. Nc3 {[%clk 0:03:06]} Nc6
{[%clk 0:03:07]} 6. Bg5 {[%clk 0:02:53]} e6 {[%clk 0:03:07]} 7. Be2
{[%clk 0:02:26]} Be7 {[%clk 0:03:06]} 8. O-O {[%clk 0:02:25]} O-O
{[%clk 0:03:05]} 9. Ndb5 {[%clk 0:02:08]} a6 {[%clk 0:03:02]} 10. Bxf6
{[%clk 0:02:00]} gxf6 {[%clk 0:02:35]} 11. Nd4 {[%clk 0:02:01]} Qb6
{[%clk 0:02:33]} 12. Nb3 {[%clk 0:02:01]} Kh8 {[%clk 0:02:28]} 13. Bd3
{[%clk 0:01:57]} Ne5 {[%clk 0:02:28]} 14. Kh1 {[%clk 0:01:43]} Rg8
{[%clk 0:02:23]} 15. f4 {[%clk 0:01:41]} Ng4 {[%clk 0:01:47]} 16. Qf3
{[%clk 0:01:37]} Qe3 {[%clk 0:01:41]} 17. h3 {[%clk 0:01:17]} Qxf3
{[%clk 0:01:38]} 18. Rxf3 {[%clk 0:01:18]} Nh6 {[%clk 0:01:38]} 19. f5
{[%clk 0:01:13]} Bd7 {[%clk 0:01:30]} 20. g4 {[%clk 0:01:06]} Rac8
{[%clk 0:01:26]} 21. Rg1 {[%clk 0:00:59]} b5 {[%clk 0:01:23]} 22. a3
{[%clk 0:00:59]} Bc6 {[%clk 0:01:23]} 23. Rf2 {[%clk 0:00:44]} Bd8
{[%clk 0:01:07]} 24. Rgf1 {[%clk 0:00:34]} Rg7 {[%clk 0:00:40]} 25. Nd2
{[%clk 0:00:26]} Ng8 {[%clk 0:00:30]} 26. Nf3 {[%clk 0:00:16]} Bb6
{[%clk 0:00:31]} 27. Re2 {[%clk 0:00:14]} h5 {[%clk 0:00:30]} 28. Rg2
{[%clk 0:00:14]} Nh6 {[%clk 0:00:30]} 29. g5 {[%clk 0:00:13]} fxg5
{[%clk 0:00:30]} 30. Nxg5 {[%clk 0:00:10]} Rcg8 {[%clk 0:00:23]} 31. h4
{[%clk 0:00:07]} f6 {[%clk 0:00:16]} 32. fxe6 {[%clk 0:00:08]} fxg5
{[%clk 0:00:17]} 33. hxg5 {[%clk 0:00:09]} Rxg5 {[%clk 0:00:17]} 34. Rxg5
{[%clk 0:00:09]} Rxg5 {[%clk 0:00:18]} 35. e7 {[%clk 0:00:10]} Re5
{[%clk 0:00:16]} 36. Rf8+ {[%clk 0:00:09]} Kg7 {[%clk 0:00:17]} 37. Rb8
{[%clk 0:00:04]} Bc7 38. Nd5 0-1

[Event "Team Championship (men blitz)"]
[Site "Sochi"]
[Date "2017.10.05"]
[Round "8.2"]
[White "Andreikin, Dmitry"]
[Black "Sjugirov, Sanan"]
[Result "1-0"]
[LiveChessVersion "1.4.8"]
[BlackElo "2637"]
[WhiteElo "2787"]

1. d4 {[%clk 0:03:03]} Nf6 {[%clk 0:03:03]} 2. Bg5 {[%clk 0:03:05]} c5
{[%clk 0:03:03]} 3. d5 {[%clk 0:03:06]} Ne4 {[%clk 0:03:03]} 4. Bf4
{[%clk 0:03:04]} Qb6 {[%clk 0:03:02]} 5. Bc1 {[%clk 0:03:04]} e6 {[%clk 0:03:01]}
6. f3 {[%clk 0:03:04]} Qa5+ {[%clk 0:03:01]} 7. c3 {[%clk 0:03:05]} Nf6
{[%clk 0:03:02]} 8. e4 {[%clk 0:03:05]} d6 {[%clk 0:03:02]} 9. Na3
{[%clk 0:02:57]} exd5 {[%clk 0:02:40]} 10. exd5 {[%clk 0:02:57]} Be7
{[%clk 0:02:40]} 11. Ne2 {[%clk 0:02:57]} O-O {[%clk 0:02:38]} 12. Ng3
{[%clk 0:02:59]} a6 {[%clk 0:02:25]} 13. Nc4 {[%clk 0:02:58]} Qd8
{[%clk 0:02:22]} 14. a4 {[%clk 0:02:56]} b6 {[%clk 0:02:07]} 15. Be2
{[%clk 0:02:50]} Bb7 {[%clk 0:02:03]} 16. Ne3 {[%clk 0:02:52]} Re8
{[%clk 0:02:00]} 17. O-O {[%clk 0:02:50]} Nbd7 {[%clk 0:02:01]} 18. c4
{[%clk 0:02:46]} Bf8 {[%clk 0:01:58]} 19. Nef5 {[%clk 0:02:28]} b5
{[%clk 0:01:50]} 20. b3 {[%clk 0:02:28]} bxc4 {[%clk 0:01:40]} 21. bxc4
{[%clk 0:02:29]} a5 {[%clk 0:01:39]} 22. Bf4 {[%clk 0:02:07]} Qc7
{[%clk 0:01:39]} 23. Qd2 {[%clk 0:01:59]} Ba6 {[%clk 0:01:39]} 24. Rfe1
{[%clk 0:01:57]} Rab8 {[%clk 0:01:38]} 25. Bd3 {[%clk 0:01:56]} Ne5
{[%clk 0:01:20]} 26. Bxe5 {[%clk 0:01:48]} dxe5 {[%clk 0:01:15]} 27. Qg5
{[%clk 0:01:46]} Kh8 {[%clk 0:01:12]} 28. h4 {[%clk 0:01:10]} Ng8
{[%clk 0:01:05]} 29. h5 {[%clk 0:01:02]} g6 {[%clk 0:00:57]} 30. hxg6
{[%clk 0:00:58]} fxg6 {[%clk 0:00:59]} 31. Ne3 {[%clk 0:00:34]} Be7
{[%clk 0:01:00]} 32. Qg4 {[%clk 0:00:31]} Bc8 {[%clk 0:01:00]} 33. Qe4
{[%clk 0:00:31]} Nf6 {[%clk 0:01:02]} 34. Qh4 {[%clk 0:00:31]} Ng4
{[%clk 0:00:40]} 35. Qh1 {[%clk 0:00:32]} Nxe3 {[%clk 0:00:40]} 36. Bxg6
{[%clk 0:00:30]} Bg5 {[%clk 0:00:24]} 37. Bxe8 {[%clk 0:00:30]} e4
{[%clk 0:00:20]} 38. Nxe4 {[%clk 0:00:22]} Bf4 {[%clk 0:00:10]} 39. Qh4
{[%clk 0:00:18]} Bf5 {[%clk 0:00:06]} 40. Qf6+ {[%clk 0:00:14]} Kg8
{[%clk 0:00:07]} 41. d6 {[%clk 0:00:13]} Qg7 {[%clk 0:00:06]} 42. Qxg7+
{[%clk 0:00:13]} Kxg7 {[%clk 0:00:08]} 43. d7 {[%clk 0:00:14]} Rb2
{[%clk 0:00:09]} 44. Rxe3 {[%clk 0:00:10]} Bxe3+ {[%clk 0:00:10]} 45. Kh1
{[%clk 0:00:11]} Rb6 {[%clk 0:00:06]} 46. g4 {[%clk 0:00:09]} Bxe4
{[%clk 0:00:04]} 47. d8=Q {[%clk 0:00:06]} Bxf3+ {[%clk 0:00:05]} 48. Kh2
{[%clk 0:00:08]} Bf4+ {[%clk 0:00:06]} 49. Kh3 {[%clk 0:00:07]} Rh6+
{[%clk 0:00:07]} 50. Bh5 {[%clk 0:00:08]} 1-0